000 00498nam a2200181Ia 4500
003 GCL
008 140319s9999 xx 000 0 eng d
020 _a97876412897
040 _aGCL /
_cGCL
082 0 4 _a651.75
_bB T
100 1 _aBOND, ALAN
245 1 0 _a300 + SUCCESSFUL BUSINESS LETTERS FOR ALL OCCASIONS /
_cBOND, ALAN
260 _aنيويورك :
_bBARRONS ،
_c2005
300 _a32 CM ؛
_c361 P
650 0 4 _aBUSINESS COMMUNICATION
650 0 4 _aBUSINESS LETTERS
942 _2ddc
_cBK
999 _c8167
_d8167